000
00313nam a22001337a 4500
003
SGT
082
_a
615.1
_b
C11V
100
_a
VERMEULEN,FRANS
245
_a
CONCORDANT REFERENCE COMPLETE CLASSIC MATERIA MEDICA
260
_a
INDIA
_b
B.JAIN PUB
_c
2011
300
_a
2074
650
_a
HOMEOPATHIC
942
_2
ddc
_c
BK
999
_c
20378
_d
20378